Quizzes
Events
Quiz Creation
Community
Videos
Private Events
Remove Ads
Sign In
Join for FREE
Feedback
Dark Mode
Quiz Categories
Sports
Geography
Music
Movies
Television
Just For Fun
Miscellaneous
History
Literature
Language
Science
Gaming
Entertainment
Religion
Holiday
For Kids
Quiz Lab
Recent
Popular Today
Quiz Kudos Today
Editor Picks
Curator Picks
Quizzes by...
Day
Popularity
Type
Ratings
Length
Year
Community
Subscriptions
Recent Discussions
Orange Saloon
Badges
Playlists
Quests
Create
Leaderboards
Showdown
Live 5
Trivia Bingo
Activity
Puzzle Library
Sporcle Events
Private Events
Virtual Trivia
Globe League
Become a Host
Pub Owners
SporcleCon
Opinionation
Our Games
Videos
Blog
Mobile Apps
Partnerships
Remove Ads and Go Orange
Feedback
History
US Presidents
World Leaders
Politics
Nation
Discovery
War
Decade
Year
Century
Biography
Art
History
US Presidents
World Leaders
Politics
Nation
Discovery
War
Decade
Year
Century
Biography
Art
Random Quiz
Search Sporcle
×
Quiz Lab
Quiz Lab
History
cant
Type in answers that appear in a list
Type in answers that appear in a list
Classic
Best Score? Go Orange.
Henri Matisse Stats
Can you name the Henri Matisse. Can you.
By
Preliator
10m
37 Questions
28 Plays
28 Plays
28 Plays
Comments
Comments
Give Quiz Kudos
Give Quiz Kudos
-
- Ratings
hide this ad
Replay
Link that replays current quiz
Next Quiz
Link to next quiz in quiz playlist
You Got
0%
They Got
Avg Score
34%
Avg Friend Score
Upgrade to see
Score Distribution
Jump to the score distribution portion of the page
Score
0/37
Timer
10:00
0
Plays Today
Hint
Answer
% Correct
Artist whose treatment of the human figure strongly influenced Matisse.
Paul Cézanne
67.9%
Matisse's original intended profession.
Law
64.3%
Traveled to this city immediately after being married.
London
57.1%
Matisse traveled to this island in the 1930s.
Tahiti
57.1%
Matisse relocated to this city in 1917.
Nice
53.6%
Matisse visited this country in the years leading up to WWI. (2)
Morocco
50%
The disease that caused Matisse to turn to art.
Appendicitis
46.4%
Matisse traveled to this city in the 1930s.
New York
46.4%
Travelled here upon his return to France after his trip to England. (1)
Corsica
42.9%
Matisse visited this country in the years leading up to WWI. (3)
Spain
42.9%
This is how Matisse died.
Heart attack
42.9%
Matisse's professor at the aforementioned school.
Gustave Moreau
39.3%
Artistic school that Matisse founded.
The Fauves
39.3%
Impressionist painter who influenced Matisse
J.M.W Turner
35.7%
Matisse visited this country in the years leading up to WWI. (1)
Russia
35.7%
The academy that Matisse attended in 1891, upon his return to Paris.
Academie Julian
32.1%
Matisse's professor at the aforementioned academy.
William-Adolphe Bouguereau
32.1%
The next school Matisse attended.
École des Beaux-Arts
32.1%
Painter whose writings on color theory strongly influenced Matisse.
Paul Signac
32.1%
Hint
Answer
% Correct
Famous member of the Fauves. (1)
André Derain
32.1%
The reason that Matisse was deemed unfit for military service in 1914.
His age
32.1%
Matisse did illustrations for this famous modernist novel, written in stream-
of-
consciousness format.
Ulysses
32.1%
Matisse traveled to this island off the coast of Britanny in 1897.
Belle Île
28.6%
Australian painter met at the aforementioned island who helped Matisse discover the important role of color in the work of Claude Monet and Vincent van Gogh.
John Peter Russell
28.6%
Famous member of the Fauves (3)
Georges Braque
28.6%
Travelled here upon his return to France after his trip to England. (2)
Toulouse
25%
Matisse painting that drew on a long tradition of depicting the reclining nude female figure
Joy of Life
25%
Matisse discovered this artistic medium later in life, which made it possible to define form in an abstract manner through the use of both bold shapes and colors.
Paper cut-outs
25%
Dealer who hosted Matisse's first solo exhibition.
Ambroise Vollard
21.4%
The location of the first big Fauvist exhibition.
Salon d’Automne
21.4%
Matisse developed an interest in this art style in the years leading up to WWI.
Islamic Art
21.4%
Matisse painted a mural cycle for this educational art and horticultural institution.
Barnes Foundation
21.4%
Landscape painter who influenced Matisse (2)
Jean-Baptiste-Camille Corot
17.9%
Married this woman in 1898
Amélie Noellie Parayre
17.9%
Famous member of the Fauves. (2)
Raoul Dufy
17.9%
Landscape painter who influenced Matisse (1)
Jean-Siméon Chardin
14.3%
Later in life, Matisse dabbled in architecture, designing this Cathedral in Vence.
Chapelle du Rosaire
14.3%
Quiz Playlist
Details
Report
Send in Message
Add To Playlist
Classic:
Type in answers that appear in a list
Last Updated: Feb 16, 2017
Quiz Scoreboard
CHALLENGE
Sign Up to Join the Scoreboard
Show All
Scores
Hide
Comments
May contain spoilers
Recently Published
Billboard Blitz: Fleetwood Mac
by CooCooCachoo
Music
15s
Presidents Visiting Landmarks
by Hejman
History
7m
An Introduction to Baseball
by treessimontrees
Sports
5m
More to Explore
Quiz From the Vault
Featured Blog Post
Where Did the Easter Bunny Come From?
hide this ad
You Might Also Like...
Tags
cant
Today's Top Quizzes in History
Browse History
hide this ad
Today's Top Quizzes in cant
Browse cant
Top Contributed Quizzes in History
1
Popular People in 1991
2
Popular People in 1981
3
Popular People in 1951
4
Popular People in 1941
5
Popular People in 1986
6
Popular People in 1976
7
Popular People in 1921
8
I Am Born On March 28th
9
5-to-1: 20th Century Images of War
10
Popular People in 1946
Explore More
Trending Topics
Disney
Anime
Marvel
Crossword
Harry Potter
Kpop
NBA
NFL
The Office
WWE
Pokémon
Country
Puzzle
Song
Soccer
hide this ad
More By:
Preliator
Quiz
Plays
Rating
Category
Featured
Created
Anime Quotes
253
1.67
Entertainment
Dec 15, 2012
Igor Stravinsky/The Rite Of Spring
142
4.00
Music
Dec 16, 2013
World War I Economics
46
1.00
History
Dec 18, 2013
Battle of Verdun
32
History
Jan 28, 2014
Henri Matisse
28
3.25
History
Dec 2, 2013
Go to Creator's Profile
Score Distribution
Quiz Creator Spotlight
Preliator
Follow
Send a Message
Quizzes Created
-
Created Quiz Play Count
-
More By This Creator
Popular Quizzes Today
1
Find the US States - No Outlines Minefield
2
Find the Countries of Europe - No Outlines Minefield
3
The Countries of the World
4
Find the US States
5
US States
6
Popular People in 1961
7
Risky Map Clicking: Biggest States A-Z
8
Movies - When Are They Set?
More History Quizzes
4-to-1 Blitz: Art
Published
Trending Quizzes
Risky Map Clicking: Least Populous States A-Z
1-10 Letter G Words
1-10 Letter F Words
Risky Map Clicking: Next State Alphabetically
Risky Map Clicking: Biggest States A-Z
Recently Updated
Leaping Animals
pecheneg
Reality TV Shows (A-Z)
bhenderson79
Rickey Henderson's Hall of Fame Teammates
pecheneg
Champions League XIs: Arsenal
pecheneg
Quick Pick: Celebrities in WWE's Hall of Fame
aduchscher
A-Z Keypad Blitz II
pecheneg
Multiple Oscar Actors
pecheneg
Mystery Phrase Blitz: Oscar 'Best Actors'
pecheneg
F. Scott Fitzgerald Novels
LTH
Pick 3 Villains
ddd62291
Trending Topics
NBA
Marvel
Anime
Harry Potter
Crossword
Kpop
Disney
Soccer
Song
NFL
The Office
Puzzle
Pokémon
Country
WWE
Your Account Isn't Verified!
In order to create a playlist on Sporcle, you need to verify the email address you used during registration. Go to your
Sporcle Settings
to finish the process.
Report this User
Report this user for behavior that violates our
Community Guidelines
.
Details:
Send Report
Go to the Sporcle.com Mobile Site →
Comments